[Event "IECG QN.2000.0.00134"]
[Site "IECG email"]
[Date "2000.08.13"]
[Round "?"]
[White "Venturas, Bob"]
[Black "Marraro, Vincenzo"]
[Result "1-0"]
[WhiteElo "630"]
[BlackElo "605"]
[PlyCount "63"]
[EventDate "2000.08.13"]
[EventType "tourn (corr)"]
[EventRounds "6"]
[SourceTitle "Corr 2008"]
[Source "ChessBase"]
[SourceDate "2008.06.24"]
[SourceVersion "1"]
[SourceVersionDate "2008.06.24"]
[SourceQuality "1"]

1. e4 e5 2. Nf3 Nc6 3. Bb5 Bc5 4. Bxc6 dxc6 5. d3 Bg4 6. h3 Bxf3 7. Qxf3 Qf6 8. Qxf6 gxf6 9. Nc3 0-0-0 10. Bd2 Ne7 11. 0-0-0 Bxf2 12. Rhf1 Bd4 13. Ne2 Rhg8 14. g4 Ng6 15. c3 Nf4 16. Bxf4 Bc5 17. Bg3 Rd7 18. b4 Be3+ 19. Kc2 h5 20. Rxf6 hxg4 21. h4 Bh6 22. Rxh6 b6 23. Rxc6 Kb7 24. b5 Ra8 25. a4 a6 26. c4 axb5 27. cxb5 Rxa4 28. Nc3 Ra5 29. Bxe5 Rxb5 30. Rxc7+ Rxc7 31. Bxc7 Rc5 32. Bg3 1-0

[Event "IECG CN.2000.0.00194"]
[Site "IECG email"]
[Date "2000.05.15"]
[Round "?"]
[White "Ferreira, Joao Manuel Guerrei"]
[Black "Marraro, Vincenzo"]
[Result "1-0"]
[WhiteElo "747"]
[BlackElo "800"]
[PlyCount "39"]
[EventDate "2000.05.15"]
[EventType "tourn (corr)"]
[EventRounds "6"]
[SourceTitle "Corr 2008"]
[Source "ChessBase"]
[SourceDate "2008.06.24"]
[SourceVersion "1"]
[SourceVersionDate "2008.06.24"]
[SourceQuality "1"]

1. e4 e5 2. Nf3 Nc6 3. Bb5 a6 4. Bxc6 dxc6 5. d4 c5 6. d5 Nf6 7. Bg5 Be7 8. Nbd2 Nxd5 9. Bxe7 Nxe7 10. Nxe5 Qd4 11. Nef3 Qd8 12. 0-0 0-0 13. Qe2 b5 14. Rad1 c4 15. Nxc4 Bd7 16. Nce5 c6 17. Nxd7 Re8 18. Nf6+ gxf6 19. Rxd8 Rexd8 20. Rd1 1-0

[Event "IECG CN.2000.0.00194"]
[Site "IECG email"]
[Date "2000.05.15"]
[Round "?"]
[White "Marraro, Vincenzo"]
[Black "Wood, Simon"]
[Result "1-0"]
[WhiteElo "800"]
[BlackElo "800"]
[PlyCount "27"]
[EventDate "2000.05.15"]
[EventType "tourn (corr)"]
[EventRounds "6"]
[SourceTitle "Corr 2008"]
[Source "ChessBase"]
[SourceDate "2008.06.24"]
[SourceVersion "1"]
[SourceVersionDate "2008.06.24"]
[SourceQuality "1"]

1. e4 c5 2. Nf3 d6 3. d4 cxd4 4. Bd3 Nf6 5. Nxd4 Nc6 6. Be3 e5 7. Nf5 Bxf5 8. exf5 d5 9. Nc3 d4 10. Bd2 dxc3 11. Bxc3 Bc5 12. 0-0 0-0 13. Qe2 Qd7 14. Rad1 1-0

[Event "IECG CN.2000.0.00191"]
[Site "IECG email"]
[Date "2000.04.24"]
[Round "?"]
[White "Marraro, Vincenzo"]
[Black "Parrilla, Antonio"]
[Result "0-1"]
[WhiteElo "800"]
[BlackElo "800"]
[PlyCount "70"]
[EventDate "2000.04.24"]
[EventType "tourn (corr)"]
[EventRounds "6"]
[SourceTitle "Corr 2008"]
[Source "ChessBase"]
[SourceDate "2008.06.24"]
[SourceVersion "1"]
[SourceVersionDate "2008.06.24"]
[SourceQuality "1"]

1. e4 e5 2. Nf3 Nc6 3. Bc4 Nf6 4. Nc3 Bb4 5. Bxf7+ Kxf7 6. Nd5 Bc5 7. d3 d6 8. Bg5 Ne7 9. Qd2 Nexd5 10. exd5 h6 11. Be3 Bxe3 12. fxe3 Nxd5 13. 0-0 Nf6 14. e4 c6 15. Rae1 Qb6+ 16. d4 Re8 17. Kh1 exd4 18. Qxd4 Qxd4 19. Nxd4 Kg6 20. Rf4 Bd7 21. h3 c5 22. Nf3 Bc6 23. Nd2 Re6 24. Re3 b5 25. a3 Rae8 26. Rd3 a5 27. b3 Nxe4 28. Nxe4 Bxe4 29. Rg3+ Kh5 30. Rxg7 Bxc2 31. g4+ Kh4 32. g5+ Kxh3 33. Rf3+ Kg4 34. Kg2 Re2+ 35. Kf1 Re1+ 0-1

[Event "IECG CN.2000.0.00179"]
[Site "IECG email"]
[Date "2000.02.27"]
[Round "?"]
[White "Roos, Bernhard"]
[Black "Marraro, Vincenzo"]
[Result "1-0"]
[WhiteElo "832"]
[BlackElo "800"]
[PlyCount "54"]
[EventDate "2000.02.27"]
[EventType "tourn (corr)"]
[EventRounds "6"]
[SourceTitle "Corr 2008"]
[Source "ChessBase"]
[SourceDate "2008.06.24"]
[SourceVersion "1"]
[SourceVersionDate "2008.06.24"]
[SourceQuality "1"]

1. e4 e5 2. Nf3 Nc6 3. Bc4 Bc5 4. c3 Nf6 5. d4 exd4 6. cxd4 Bb4+ 7. Nc3 Nxd4 8. Nxd4 Ba5 9. Bg5 0-0 10. 0-0 h6 11. Bh4 d6 12. Nd5 Bg4 13. Nxf6+ Qxf6 14. Bxf6 Bxd1 15. Bxg7 Rfe8 16. Raxd1 Rxe4 17. Bxh6 c5 18. Bxf7+ Kxf7 19. Nf5 Rae8 20. Nxd6+ Kg6 21. Nxe8 Rxe8 22. Be3 Bc7 23. Bxc5 Rh8 24. Bd6 Rh7 25. Bxc7 Rxc7 26. Rd6+ Kf7 27. Re1 Rc5 1-0